[Event "DEM U12w 2018"]
[Site "Willingen GER"]
[Date "2018.05.25"]
[Round "10"]
[White "Fischer, Darja"]
[Black "Wagner, Margarethe"]
[Result "0-1"]
[Termination "normal"]
[Board "3"]
[WhiteElo "1292"]
[BlackElo "1515"]
[WhiteClock "00:31:54"]
[BlackClock "00:22:24"]
[PlyCount "118"]
[WhiteFideId "16240898"]
[BlackFideId "16236947"]
[EventCountry "GER"]
[EventRounds "11"]
[EventType "swiss"]
[EventDate "2018.05.19"]

1. e4 {[%clk 1:15:59]} 1... c5 {[%clk 1:15:52]} 2. Nf3 {[%clk 1:16:24]} 2... d6
{[%clk 1:16:14]} 3. d4 {[%clk 1:16:48]} 3... cxd4 {[%clk 1:16:31]} 4. Nxd4 {
[%clk 1:17:09]} 4... Nf6 {[%clk 1:16:44]} 5. Nc3 {[%clk 1:17:27]} 5... a6 {
[%clk 1:17:00]} 6. Be3 {[%clk 1:13:48]} 6... e5 {[%clk 1:17:02]} 7. Nb3 { [%clk
1:13:39]} 7... Be6 {[%clk 1:16:44]} 8. g3 {[%clk 1:13:34]} 8... Be7 { [%clk
1:16:21]} 9. Bg2 {[%clk 1:13:49]} 9... Nbd7 {[%clk 1:14:51]} 10. O-O { [%clk
1:12:27]} 10... O-O {[%clk 1:14:43]} 11. Re1 {[%clk 1:11:24]} 11... Rc8 { [%clk
1:14:02]} 12. h3 {[%clk 1:08:49]} 12... Nb6 {[%clk 1:13:25]} 13. Nd5 { [%clk
1:07:55]} 13... Nfxd5 {[%clk 1:10:21]} 14. exd5 14... Bf5 {[%clk 1:10:38] } 15.
c3 {[%clk 1:06:59]} 15... Nc4 {[%clk 1:09:46]} 16. Bc1 {[%clk 1:06:17]} 16...
Qd7 {[%clk 1:07:28]} 17. g4 {[%clk 1:02:43]} 17... Bg6 {[%clk 1:06:26]} 18. Nd2
{[%clk 1:02:57]} 18... Nb6 {[%clk 1:04:15]} 19. Nf1 {[%clk 1:01:49]} 19... Qb5
{[%clk 1:01:19]} 20. Qb3 {[%clk 0:55:40]} 20... Qxb3 {[%clk 0:59:08]} 21. axb3
{[%clk 0:56:03]} 21... Bc2 {[%clk 0:58:57]} 22. b4 {[%clk 0:56:10]} 22... Bb3
{[%clk 0:57:58]} 23. Ne3 {[%clk 0:55:42]} 23... g6 {[%clk 0:52:35]} 24. Ra3
{[%clk 0:52:42]} 24... Bc4 {[%clk 0:52:47]} 25. Nxc4 {[%clk 0:51:38]} 25...
Nxc4 {[%clk 0:53:16]} 26. Ra2 {[%clk 0:51:45]} 26... f5 {[%clk 0:50:41]} 27.
gxf5 {[%clk 0:49:15]} 27... gxf5 {[%clk 0:50:59]} 28. b3 {[%clk 0:48:09]} 28...
Nb6 {[%clk 0:51:17]} 29. c4 {[%clk 0:48:30]} 29... Nd7 {[%clk 0:50:11]} 30. Rc2
{[%clk 0:45:02]} 30... Kf7 {[%clk 0:44:56]} 31. Kf1 {[%clk 0:42:35]} 31... Rg8
{[%clk 0:44:57]} 32. Bf3 {[%clk 0:41:44]} 32... Bg5 {[%clk 0:35:34]} 33. Bxg5
{[%clk 0:41:11]} 33... Rxg5 {[%clk 0:35:57]} 34. Rcc1 {[%clk 0:38:04]} 34...
Rcg8 {[%clk 0:33:01]} 35. Rc3 {[%clk 0:32:58]} 35... e4 {[%clk 0:31:26]} 36.
Bd1 {[%clk 0:33:15]} 36... Ne5 {[%clk 0:28:33]} 37. Bc2 {[%clk 0:30:50]} 37...
Nf3 {[%clk 0:23:25]} 38. Rd1 {[%clk 0:30:43]} 38... Rg1+ {[%clk 0:19:40]} 39.
Ke2 {[%clk 0:30:57]} 39... Rxd1 {[%clk 0:20:03]} 40. Bxd1 {[%clk 0:30:55]}
40... Rg1 {[%clk 0:20:09]} 41. Rxf3 {[%clk 0:30:09]} 41... exf3+ { [%clk
0:20:33]} 42. Kd2 {[%clk 0:30:33]} 42... Rf1 {[%clk 0:20:21]} 43. Bxf3 { [%clk
0:30:28]} 43... Rxf2+ {[%clk 0:20:44]} 44. Ke3 {[%clk 0:29:52]} 44... Rb2
{[%clk 0:19:59]} 45. Bd1 {[%clk 0:30:14]} 45... b6 {[%clk 0:20:07]} 46. Kf4 {
[%clk 0:30:07]} 46... Kf6 {[%clk 0:20:08]} 47. h4 {[%clk 0:29:36]} 47... Rd2 {
[%clk 0:19:23]} 48. Bf3 {[%clk 0:29:41]} 48... Rd3 {[%clk 0:19:34]} 49. h5 {
[%clk 0:29:41]} 49... Rxb3 {[%clk 0:19:49]} 50. Be2 {[%clk 0:29:45]} 50... Rxb4
{[%clk 0:20:02]} 51. Ke3 {[%clk 0:29:18]} 51... a5 {[%clk 0:20:22]} 52. Bd1 {
[%clk 0:29:30]} 52... a4 {[%clk 0:20:38]} 53. Bxa4 {[%clk 0:29:55]} 53... Rxa4
{[%clk 0:21:03]} 54. Kd3 {[%clk 0:30:12]} 54... Ra3+ {[%clk 0:21:21]} 55. Kd4 {
[%clk 0:30:32]} 55... f4 {[%clk 0:21:22]} 56. Ke4 {[%clk 0:30:47]} 56... f3 {
[%clk 0:21:46]} 57. Kd4 {[%clk 0:31:12]} 57... f2 {[%clk 0:22:06]} 58. h6 {
[%clk 0:31:33]} 58... f1=Q {[%clk 0:22:12]} 59. Ke4 {[%clk 0:31:54]} 59...
Qxc4# {[%clk 0:22:24]} 0-1

[Event "DEM U12w 2018"]
[Site "Willingen GER"]
[Date "2018.05.25"]
[Round "10"]
[White "Butenandt, Svenja"]
[Black "Roncea, Andreea-Alexandra"]
[Result "1-0"]
[Termination "normal"]
[Board "4"]
[WhiteElo "1730"]
[BlackElo "1532"]
[WhiteClock "00:10:45"]
[BlackClock "00:17:43"]
[PlyCount "101"]
[WhiteFideId "12993859"]
[BlackFideId "16233115"]
[EventCountry "GER"]
[EventRounds "11"]
[EventType "swiss"]
[EventDate "2018.05.19"]

1. d4 {[%clk 1:15:58]} 1... d5 {[%clk 1:15:52]} 2. c4 {[%clk 1:16:24]} 2... e6
{[%clk 1:16:15]} 3. Nc3 {[%clk 1:16:51]} 3... Nf6 {[%clk 1:16:30]} 4. cxd5 {
[%clk 1:17:18]} 4... exd5 {[%clk 1:16:39]} 5. Bg5 {[%clk 1:17:43]} 5... Be7 {
[%clk 1:16:49]} 6. e3 {[%clk 1:18:01]} 6... O-O {[%clk 1:16:51]} 7. Bd3 { [%clk
1:18:18]} 7... h6 {[%clk 1:16:29]} 8. Bh4 {[%clk 1:18:26]} 8... Be6 { [%clk
1:16:36]} 9. Nge2 {[%clk 1:17:56]} 9... Nbd7 {[%clk 1:16:35]} 10. O-O { [%clk
1:17:16]} 10... Rc8 {[%clk 1:16:36]} 11. Rb1 {[%clk 1:13:25]} 11... c5 { [%clk
1:15:57]} 12. dxc5 {[%clk 1:07:34]} 12... Nxc5 {[%clk 1:14:05]} 13. Bc2 { [%clk
1:06:42]} 13... a6 {[%clk 1:07:01]} 14. b4 {[%clk 1:00:21]} 14... Ncd7 { [%clk
1:04:54]} 15. Qd2 {[%clk 0:51:48]} 15... Nb6 {[%clk 1:01:20]} 16. Qd3 { [%clk
0:47:36]} 16... g6 {[%clk 0:56:38]} 17. Nd4 {[%clk 0:41:46]} 17... Bd7 { [%clk
0:52:13]} 18. Nce2 {[%clk 0:33:48]} 18... Ne4 {[%clk 0:46:59]} 19. Bxe7 { [%clk
0:31:50]} 19... Qxe7 {[%clk 0:42:24]} 20. Nf4 {[%clk 0:28:54]} 20... Kg7 {[%clk
0:35:29]} 21. Nxd5 {[%clk 0:19:15]} 21... Nxd5 {[%clk 0:34:23]} 22. Qxe4 {[%clk
0:19:31]} 22... Qxe4 {[%clk 0:33:35]} 23. Bxe4 {[%clk 0:19:56]} 23... Nc3
{[%clk 0:30:59]} 24. Bxb7 {[%clk 0:20:12]} 24... Rb8 {[%clk 0:30:05]} 25. Rb3
{[%clk 0:17:50]} 25... Rxb7 {[%clk 0:28:27]} 26. Rxc3 {[%clk 0:18:13]} 26...
Rxb4 {[%clk 0:28:34]} 27. Rc7 {[%clk 0:15:58]} 27... Bc8 {[%clk 0:26:11]} 28.
Rfc1 {[%clk 0:14:56]} 28... Rb8 {[%clk 0:22:53]} 29. Kf1 {[%clk 0:12:45]} 29...
Kg8 {[%clk 0:21:09]} 30. Nc6 {[%clk 0:12:40]} 30... Ra8 {[%clk 0:20:19]} 31.
Ne7+ {[%clk 0:12:56]} 31... Kg7 {[%clk 0:20:11]} 32. Rxc8 {[%clk 0:12:31]}
32... Ra7 {[%clk 0:19:18]} 33. Rxf8 {[%clk 0:12:25]} 33... Kxf8 {[%clk 0:19:38]
} 34. Nd5 {[%clk 0:12:21]} 34... Rd7 {[%clk 0:19:19]} 35. Rd1 {[%clk 0:10:16]}
35... Rb7 {[%clk 0:17:30]} 36. Ke2 {[%clk 0:10:01]} 36... Kg7 {[%clk 0:16:53]}
37. a4 {[%clk 0:09:20]} 37... Rb2+ {[%clk 0:16:06]} 38. Rd2 {[%clk 0:09:37]}
38... Rb7 {[%clk 0:15:47]} 39. Kf3 {[%clk 0:08:49]} 39... h5 {[%clk 0:15:37]}
40. Rc2 {[%clk 0:08:08]} 40... a5 {[%clk 0:14:47]} 41. Rc7 {[%clk 0:07:50]}
41... Rxc7 {[%clk 0:14:57]} 42. Nxc7 {[%clk 0:08:15]} 42... Kf8 {[%clk 0:15:10]
} 43. Nb5 {[%clk 0:08:05]} 43... Ke7 {[%clk 0:15:24]} 44. Na3 {[%clk 0:08:17]}
44... Kd7 {[%clk 0:15:41]} 45. Nc4 {[%clk 0:08:40]} 45... Kc6 {[%clk 0:16:06]}
46. Nxa5+ {[%clk 0:09:04]} 46... Kb6 {[%clk 0:16:28]} 47. Nc4+ {[%clk 0:09:20]}
47... Kc5 {[%clk 0:16:44]} 48. a5 {[%clk 0:09:43]} 48... Kb5 {[%clk 0:17:01]}
49. Kf4 {[%clk 0:09:57]} 49... Ka6 {[%clk 0:17:19]} 50. Kg5 {[%clk 0:10:20]}
50... Kb5 {[%clk 0:17:43]} 51. Kf6 {[%clk 0:10:45]} 1-0

[Event "DEM U12w 2018"]
[Site "Willingen GER"]
[Date "2018.05.25"]
[Round "10"]
[White "Bildat, Emilia"]
[Black "Hentschel, Lena"]
[Result "1/2-1/2"]
[Termination "normal"]
[Board "5"]
[WhiteElo "1460"]
[BlackElo "1466"]
[WhiteClock "00:33:53"]
[BlackClock "00:04:29"]
[PlyCount "115"]
[WhiteFideId "16218140"]
[BlackFideId "16240324"]
[EventCountry "GER"]
[EventRounds "11"]
[EventType "swiss"]
[EventDate "2018.05.19"]

1. c4 {[%clk 1:15:58]} 1... e6 {[%clk 1:15:51]} 2. d4 {[%clk 1:16:21]} 2... d5
{[%clk 1:16:10]} 3. Nc3 {[%clk 1:16:43]} 3... Nf6 {[%clk 1:16:28]} 4. Bg5 {
[%clk 1:17:02]} 4... Nbd7 {[%clk 1:16:26]} 5. e3 {[%clk 1:17:13]} 5... c6 {
[%clk 1:16:33]} 6. cxd5 {[%clk 1:17:09]} 6... exd5 {[%clk 1:16:07]} 7. Bd3 {
[%clk 1:17:15]} 7... Bd6 {[%clk 1:14:28]} 8. Nf3 {[%clk 1:16:49]} 8... O-O {
[%clk 1:13:35]} 9. O-O {[%clk 1:16:43]} 9... Qc7 {[%clk 1:11:48]} 10. Qc2 {
[%clk 1:16:20]} 10... h6 {[%clk 1:11:03]} 11. Bh4 {[%clk 1:16:08]} 11... Re8 {
[%clk 1:10:38]} 12. Rac1 {[%clk 1:15:48]} 12... Qd8 {[%clk 1:04:41]} 13. a3 {
[%clk 1:14:48]} 13... Nf8 {[%clk 1:00:12]} 14. b4 {[%clk 1:12:22]} 14... Bg4 {
[%clk 0:50:54]} 15. Nd2 {[%clk 1:11:52]} 15... Bh5 {[%clk 0:49:15]} 16. h3 {
[%clk 1:08:08]} 16... Bg6 {[%clk 0:47:59]} 17. Nb3 {[%clk 1:06:14]} 17... Bxd3
{[%clk 0:46:33]} 18. Qxd3 {[%clk 1:06:12]} 18... Ng6 {[%clk 0:46:12]} 19. Bxf6
{[%clk 1:06:21]} 19... Qxf6 {[%clk 0:46:04]} 20. Nc5 {[%clk 1:05:22]} 20... b6
{[%clk 0:44:30]} 21. Nb3 {[%clk 1:05:25]} 21... Rac8 {[%clk 0:42:58]} 22. Na2 {
[%clk 0:58:53]} 22... Qe6 {[%clk 0:40:35]} 23. a4 {[%clk 0:56:18]} 23... Ne7 {
[%clk 0:38:09]} 24. a5 {[%clk 0:55:08]} 24... Qd7 {[%clk 0:34:03]} 25. f3 {
[%clk 0:52:00]} 25... Ng6 {[%clk 0:30:23]} 26. Rfe1 {[%clk 0:50:46]} 26... Re7
{[%clk 0:28:30]} 27. Qc3 {[%clk 0:49:43]} 27... Qb7 {[%clk 0:26:58]} 28. Rc2 {
[%clk 0:46:23]} 28... Rec7 {[%clk 0:24:26]} 29. Rec1 {[%clk 0:45:27]} 29... Nf8
{[%clk 0:23:32]} 30. e4 {[%clk 0:41:54]} 30... dxe4 {[%clk 0:22:46]} 31. fxe4 {
[%clk 0:41:44]} 31... Ne6 {[%clk 0:22:16]} 32. Qd3 {[%clk 0:38:09]} 32... Be7 {
[%clk 0:20:05]} 33. d5 {[%clk 0:36:34]} 33... cxd5 {[%clk 0:19:33]} 34. Rxc7 {
[%clk 0:36:11]} 34... Rxc7 {[%clk 0:19:34]} 35. Rxc7 {[%clk 0:36:23]} 35...
Nxc7 {[%clk 0:19:13]} 36. exd5 {[%clk 0:35:53]} 36... Qxd5 {[%clk 0:18:56]} 37.
Qxd5 {[%clk 0:34:55]} 37... Nxd5 {[%clk 0:19:15]} 38. axb6 {[%clk 0:35:16]}
38... axb6 {[%clk 0:19:18]} 39. b5 {[%clk 0:35:27]} 39... Kf8 {[%clk 0:18:54]}
40. Kf2 {[%clk 0:35:39]} 40... Ke8 {[%clk 0:18:33]} 41. Kf3 {[%clk 0:35:52]}
41... Kd7 {[%clk 0:18:20]} 42. Ke4 {[%clk 0:35:49]} 42... Kd6 {[%clk 0:17:13]}
43. Kd4 {[%clk 0:35:17]} 43... Nf4 {[%clk 0:16:12]} 44. Nb4 {[%clk 0:34:30]}
44... Nxg2 {[%clk 0:15:00]} 45. Nd5 {[%clk 0:34:05]} 45... Bd8 {[%clk 0:14:33]}
46. Nd2 {[%clk 0:34:02]} 46... Nh4 {[%clk 0:10:54]} 47. Nc4+ {[%clk 0:33:54]}
47... Kd7 {[%clk 0:09:39]} 48. Ndxb6+ {[%clk 0:33:34]} 48... Bxb6+ { [%clk
0:09:40]} 49. Nxb6+ {[%clk 0:33:57]} 49... Kc7 {[%clk 0:09:48]} 50. Nd5+ {[%clk
0:33:39]} 50... Kb7 {[%clk 0:09:21]} 51. Kc5 {[%clk 0:33:14]} 51... Nf5 {[%clk
0:08:15]} 52. Nb4 {[%clk 0:32:11]} 52... g5 {[%clk 0:06:00]} 53. Nc6 { [%clk
0:32:19]} 53... h5 {[%clk 0:04:53]} 54. Nd8+ {[%clk 0:32:24]} 54... Kc8 { [%clk
0:04:18]} 55. Nxf7 {[%clk 0:32:44]} 55... g4 {[%clk 0:04:17]} 56. hxg4 { [%clk
0:33:05]} 56... hxg4 {[%clk 0:04:32]} 57. Ne5 {[%clk 0:33:29]} 57... g3 { [%clk
0:04:29]} 58. Nf3 {[%clk 0:33:53]} 1/2-1/2

[Event "DEM U12w 2018"]
[Site "Willingen GER"]
[Date "2018.05.25"]
[Round "10"]
[White "Schulz, Hannah"]
[Black "Becker, Linda"]
[Result "1-0"]
[Termination "normal"]
[Board "6"]
[WhiteElo "1651"]
[BlackElo "1464"]
[WhiteClock "00:40:44"]
[BlackClock "00:24:06"]
[PlyCount "55"]
[WhiteFideId "16244745"]
[BlackFideId "16244753"]
[EventCountry "GER"]
[EventRounds "11"]
[EventType "swiss"]
[EventDate "2018.05.19"]

1. e4 {[%clk 1:15:59]} 1... e6 {[%clk 1:15:55]} 2. d4 {[%clk 1:16:26]} 2... d5
{[%clk 1:16:20]} 3. Nd2 {[%clk 1:16:52]} 3... h6 {[%clk 1:16:39]} 4. c3 { [%clk
1:16:08]} 4... Nf6 {[%clk 1:16:11]} 5. e5 {[%clk 1:16:28]} 5... Nfd7 { [%clk
1:16:35]} 6. Bd3 {[%clk 1:16:25]} 6... c5 {[%clk 1:16:33]} 7. Ne2 { [%clk
1:16:33]} 7... Nc6 {[%clk 1:16:11]} 8. Nf3 {[%clk 1:16:25]} 8... Be7 { [%clk
1:15:05]} 9. O-O {[%clk 1:16:30]} 9... g5 {[%clk 1:13:02]} 10. Be3 { [%clk
1:05:56]} 10... g4 {[%clk 1:10:49]} 11. Ne1 {[%clk 1:05:44]} 11... h5 { [%clk
1:08:59]} 12. g3 {[%clk 1:04:03]} 12... h4 {[%clk 1:06:55]} 13. Ng2 { [%clk
1:03:52]} 13... hxg3 {[%clk 1:02:38]} 14. fxg3 {[%clk 1:04:04]} 14... c4 {[%clk
0:55:27]} 15. Bc2 {[%clk 1:03:38]} 15... Nf8 {[%clk 0:55:27]} 16. Nef4 { [%clk
1:01:38]} 16... Rg8 {[%clk 0:52:36]} 17. Bd2 {[%clk 0:59:11]} 17... f6 { [%clk
0:47:49]} 18. exf6 {[%clk 0:58:39]} 18... Bxf6 {[%clk 0:47:54]} 19. Ne3 { [%clk
0:56:49]} 19... Ke7 {[%clk 0:41:23]} 20. Nxg4 {[%clk 0:55:10]} 20... Bg5 {[%clk
0:35:31]} 21. Ng6+ {[%clk 0:43:15]} 21... Rxg6 {[%clk 0:32:12]} 22. Bxg6 {[%clk
0:43:20]} 22... Bxd2 {[%clk 0:32:05]} 23. Qxd2 {[%clk 0:43:37]} 23... Nxg6
{[%clk 0:29:06]} 24. Qg5+ {[%clk 0:43:41]} 24... Kd7 {[%clk 0:29:24]} 25. Qxg6
{[%clk 0:43:43]} 25... Kc7 {[%clk 0:27:01]} 26. Rf7+ {[%clk 0:41:37]} 26... Kb8
27. Raf1 {[%clk 0:41:37]} 27... Ne7 {[%clk 0:24:06]} 28. Qf6 { [%clk 0:40:44]}
1-0

[Event "DEM U12w 2018"]
[Site "Willingen GER"]
[Date "2018.05.25"]
[Round "10"]
[White "Werner, Rosalie"]
[Black "Wörz, Ann-Sophie"]
[Result "1-0"]
[Termination "normal"]
[Board "7"]
[WhiteElo "1575"]
[BlackElo "1433"]
[WhiteClock "00:15:28"]
[BlackClock "00:04:35"]
[PlyCount "103"]
[WhiteFideId "16223748"]
[BlackFideId "16265890"]
[EventCountry "GER"]
[EventRounds "11"]
[EventType "swiss"]
[EventDate "2018.05.19"]

1. e4 {[%clk 1:15:59]} 1... e5 {[%clk 1:15:56]} 2. Nf3 {[%clk 1:16:25]} 2...
Nc6 {[%clk 1:16:19]} 3. Bc4 {[%clk 1:16:51]} 3... Bc5 {[%clk 1:16:41]} 4. c3 {
[%clk 1:17:16]} 4... Nf6 {[%clk 1:17:00]} 5. d4 {[%clk 1:17:41]} 5... exd4 {
[%clk 1:17:22]} 6. e5 {[%clk 1:18:04]} 6... d5 {[%clk 1:17:36]} 7. Bb5 { [%clk
1:18:29]} 7... Ne4 {[%clk 1:16:20]} 8. cxd4 {[%clk 1:18:50]} 8... Bb4+ { [%clk
1:14:49]} 9. Bd2 {[%clk 1:19:13]} 9... Bxd2+ {[%clk 1:12:39]} 10. Nbxd2 { [%clk
1:19:33]} 10... Bf5 {[%clk 1:10:49]} 11. Rc1 {[%clk 1:14:29]} 11... Qd7 { [%clk
1:07:41]} 12. Qa4 {[%clk 1:10:26]} 12... Nxd2 {[%clk 1:04:27]} 13. Nxd2 { [%clk
1:09:02]} 13... O-O {[%clk 1:02:52]} 14. Bxc6 {[%clk 1:07:20]} 14... bxc6
{[%clk 1:03:03]} 15. Qxc6 {[%clk 1:07:37]} 15... Rac8 {[%clk 1:00:55]} 16. Qxd7
{[%clk 1:07:11]} 16... Bxd7 {[%clk 1:01:23]} 17. Rc5 {[%clk 1:06:29]} 17... c6
{[%clk 1:00:30]} 18. O-O {[%clk 1:06:37]} 18... Rfe8 {[%clk 0:58:03]} 19. h3 {
[%clk 1:05:49]} 19... Re6 {[%clk 0:55:51]} 20. Rfc1 {[%clk 1:04:14]} 20... Rg6
{[%clk 0:55:22]} 21. Kh2 {[%clk 1:04:13]} 21... Rb8 {[%clk 0:52:31]} 22. b3 {
[%clk 1:01:29]} 22... Rb4 {[%clk 0:52:12]} 23. Nf3 {[%clk 1:01:31]} 23... a6 {
[%clk 0:49:53]} 24. R1c3 {[%clk 0:59:09]} 24... Kf8 {[%clk 0:45:55]} 25. a3 {
[%clk 0:48:31]} 25... Rb6 {[%clk 0:43:58]} 26. b4 Ke7 27. g4 {[%clk 0:39:30]}
27... Rh6 {[%clk 0:39:00]} 28. Kg3 {[%clk 0:37:48]} 28... Rg6 {[%clk 0:36:09]}
29. Nh4 {[%clk 0:37:26]} 29... Rh6 {[%clk 0:32:28]} 30. Nf5+ {[%clk 0:37:02]}
30... Bxf5 {[%clk 0:32:35]} 31. gxf5 {[%clk 0:37:26]} 31... Kd7 {[%clk 0:31:36]
} 32. Kg4 {[%clk 0:35:06]} 32... Ke8 {[%clk 0:28:37]} 33. Re3 {[%clk 0:32:52]}
33... Kd7 {[%clk 0:28:18]} 34. Rec3 {[%clk 0:29:13]} 34... Ke8 {[%clk 0:28:01]}
35. Rg3 {[%clk 0:27:18]} 35... Kd7 {[%clk 0:26:15]} 36. h4 {[%clk 0:23:42]}
36... Ke8 {[%clk 0:26:19]} 37. h5 {[%clk 0:22:16]} 37... Kd7 {[%clk 0:25:40]}
38. f4 {[%clk 0:19:14]} 38... Ke8 {[%clk 0:24:18]} 39. Ra5 {[%clk 0:17:48]}
39... Kd7 {[%clk 0:21:17]} 40. Kg5 {[%clk 0:16:42]} 40... f6+ {[%clk 0:15:22]}
41. Kh4 {[%clk 0:16:45]} 41... fxe5 {[%clk 0:10:06]} 42. Rxg7+ {[%clk 0:17:01]}
42... Ke8 {[%clk 0:09:09]} 43. fxe5 {[%clk 0:17:18]} 43... c5 {[%clk 0:07:34]}
44. Rxc5 {[%clk 0:16:36]} 44... Rhc6 {[%clk 0:06:48]} 45. Rxd5 {[%clk 0:14:57]}
45... Rc1 {[%clk 0:06:28]} 46. e6 {[%clk 0:13:37]} 46... Rh1+ {[%clk 0:04:57]}
47. Kg5 {[%clk 0:14:00]} 47... Rg1+ {[%clk 0:04:52]} 48. Kf6 {[%clk 0:14:23]}
48... Rxg7 {[%clk 0:04:09]} 49. Kxg7 {[%clk 0:14:42]} 49... Rb7+ { [%clk
0:04:28]} 50. Rd7 {[%clk 0:14:40]} 50... Rxd7+ {[%clk 0:04:10]} 51. exd7+
{[%clk 0:15:02]} 51... Kxd7 {[%clk 0:04:35]} 52. f6 {[%clk 0:15:28]} 1-0

[Event "DEM U12w 2018"]
[Site "Willingen GER"]
[Date "2018.05.25"]
[Round "10"]
[White "Breß, Amy Charlize"]
[Black "Sinner, Joselyne"]
[Result "0-1"]
[Termination "normal"]
[Board "8"]
[WhiteElo "1558"]
[BlackElo "1541"]
[WhiteClock "00:00:54"]
[BlackClock "00:03:54"]
[PlyCount "56"]
[WhiteFideId "16233786"]
[BlackFideId "16210387"]
[EventCountry "GER"]
[EventRounds "11"]
[EventType "swiss"]
[EventDate "2018.05.19"]

1. e4 {[%clk 1:15:58]} 1... e5 {[%clk 1:15:56]} 2. Nf3 {[%clk 1:16:22]} 2...
Nc6 {[%clk 1:16:23]} 3. Bb5 {[%clk 1:16:43]} 3... a6 {[%clk 1:16:48]} 4. Ba4 {
[%clk 1:17:06]} 4... Nf6 {[%clk 1:17:08]} 5. O-O {[%clk 1:17:25]} 5... b5 {
[%clk 1:17:29]} 6. Bb3 {[%clk 1:17:48]} 6... Be7 {[%clk 1:17:52]} 7. Re1 {
[%clk 1:18:07]} 7... O-O {[%clk 1:18:14]} 8. a4 {[%clk 1:17:49]} 8... Bb7 {
[%clk 1:15:25]} 9. d3 {[%clk 1:17:55]} 9... Na5 {[%clk 1:10:30]} 10. Nxe5 {
[%clk 1:08:23]} 10... Nxb3 {[%clk 1:09:05]} 11. cxb3 {[%clk 1:06:26]} 11... d5
{[%clk 1:07:51]} 12. exd5 {[%clk 1:04:28]} 12... Qxd5 {[%clk 1:07:04]} 13. Nf3
{[%clk 1:03:15]} 13... Bb4 {[%clk 1:04:12]} 14. Nc3 {[%clk 0:44:10]} 14... Qc6
{[%clk 1:00:31]} 15. Bd2 {[%clk 0:38:14]} 15... Bc5 {[%clk 0:38:22]} 16. Rc1 {
[%clk 0:30:03]} 16... Qb6 {[%clk 0:30:25]} 17. Be3 {[%clk 0:27:12]} 17... Ng4 {
[%clk 0:26:02]} 18. Bxc5 {[%clk 0:25:46]} 18... Qxc5 {[%clk 0:25:27]} 19. Ne4 {
[%clk 0:25:17]} 19... Qb6 {[%clk 0:23:33]} 20. Qe2 {[%clk 0:17:34]} 20... Rfe8
{[%clk 0:16:02]} 21. Qc2 {[%clk 0:05:48]} 21... f5 {[%clk 0:08:46]} 22. Ng3 {
[%clk 0:03:23]} 22... Rxe1+ {[%clk 0:07:27]} 23. Nxe1 {[%clk 0:03:05]} 23...
Re8 {[%clk 0:06:52]} 24. h3 {[%clk 0:02:33]} 24... Nf6 {[%clk 0:06:40]} 25.
Nxf5 {[%clk 0:01:51]} 25... Qa5 {[%clk 0:05:31]} 26. Qc3 {[%clk 0:01:13]} 26...
b4 {[%clk 0:04:23]} 27. Qc4+ {[%clk 0:01:12]} 27... Bd5 {[%clk 0:04:05]} 28.
Qf4 {[%clk 0:00:54]} 28... Bxb3 {[%clk 0:03:54]} 0-1

[Event "DEM U12w 2018"]
[Site "Willingen GER"]
[Date "2018.05.25"]
[Round "10"]
[White "Ulrich, Helena Irene"]
[Black "Baltic, Sara"]
[Result "0-1"]
[Termination "normal"]
[Board "9"]
[WhiteElo "1282"]
[BlackElo "1432"]
[WhiteClock "00:13:35"]
[BlackClock "01:01:41"]
[PlyCount "114"]
[WhiteFideId "16256000"]
[BlackFideId "16210409"]
[EventCountry "GER"]
[EventRounds "11"]
[EventType "swiss"]
[EventDate "2018.05.19"]

1. e4 e5 2. Nf3 Nf6 3. Nxe5 d6 4. Nf3 Nxe4 5. Nc3 Nxc3 6. dxc3 Be7 7. Be3 Nc6
8. Qd2 Be6 9. Bb5 Bd7 10. O-O-O a6 11. Be2 Be6 12. Kb1 Ne5 13. Nxe5 dxe5 14.
Qxd8+ Rxd8 15. Bf3 c6 16. Rhe1 O-O 17. Bb6 Rxd1+ 18. Rxd1 Rc8 19. Be3 Rd8 20.
Rxd8+ Bxd8 21. b3 f5 22. Kb2 g5 23. g3 g4 24. Bg2 Bc7 25. c4 f4 26. Bd2 f3 27.
Bf1 e4 28. Be3 Be5+ 29. c3 Kf7 30. Kc2 Bc7 31. Kd2 Bf5 32. Bd4 Bd8 33. Be3 b6
34. Kd1 Ke6 35. Bf4 b5 36. cxb5 Bb6 37. Be3 Bxe3 38. fxe3 axb5 39. c4 bxc4 40.
Bxc4+ Kd6 41. Kd2 Be6 42. Bxe6 Kxe6 43. a4 Kd6 44. Ke1 c5 45. Kd2 Kc6 46. Ke1
Kb6 47. Kf2 Ka5 48. Ke1 Kb4 49. Kf2 c4 50. bxc4 Kxc4 51. a5 Kb5 52. Kf1 Kxa5
53. Ke1 Kb4 54. Kd2 h6 55. Ke1 Kc3 56. Kf1 Kd3 57. Kf2 Kd2 0-1

[Event "DEM U12w 2018"]
[Site "Willingen GER"]
[Date "2018.05.25"]
[Round "10"]
[White "Keymer, Cecilia"]
[Black "Alferova, Emily"]
[Result "1-0"]
[Termination "normal"]
[Board "10"]
[WhiteElo "1423"]
[BlackElo "1323"]
[PlyCount "85"]
[WhiteFideId "16233468"]
[BlackFideId "16265904"]
[EventCountry "GER"]
[EventRounds "11"]
[EventType "swiss"]
[EventDate "2018.05.19"]

1. d4 d5 2. c4 c6 3. Nc3 e6 4. e3 Nf6 5. Nf3 Nbd7 6. Qc2 Bb4 7. a3 Bxc3+ 8.
Qxc3 Ne4 9. Qc2 b6 10. b3 Bb7 11. Bb2 Rc8 12. Qd1 h6 13. Bd3 a5 14. Nd2 Ndf6
15. f3 Nxd2 16. Qxd2 Nd7 17. O-O O-O 18. Rac1 Re8 19. e4 Qe7 20. e5 c5 21. Qe3
Red8 22. Ra1 Rb8 23. f4 Qh4 24. f5 Qg4 25. Be2 Qe4 26. Qxe4 dxe4 27. fxe6 fxe6
28. Bg4 Nf8 29. Rad1 Bc6 30. a4 Bd7 31. Rde1 cxd4 32. Rxe4 d3 33. Rd4 Bc6 34.
Rd1 Rxd4 35. Bxd4 Be4 36. Rd2 g6 37. Bf3 Bf5 38. g4 Rd8 39. Bxb6 Rb8 40. c5 Nd7
41. gxf5 Nxe5 42. Bg2 gxf5 43. Bc7 1-0

[Event "DEM U12w 2018"]
[Site "Willingen GER"]
[Date "2018.05.25"]
[Round "10"]
[White "Nguyen, Jenny Ha-Linh"]
[Black "Zöllner, Bente"]
[Result "0-1"]
[Termination "normal"]
[Board "11"]
[WhiteElo "1360"]
[BlackElo "1314"]
[PlyCount "118"]
[WhiteFideId "16209729"]
[BlackFideId "16230523"]
[EventCountry "GER"]
[EventRounds "11"]
[EventType "swiss"]
[EventDate "2018.05.19"]

1. e4 c5 2. c3 Nf6 3. e5 Nd5 4. d4 cxd4 5. Nf3 Nc6 6. cxd4 e6 7. Bc4 Nb6 8. Bb3
d6 9. Qe2 Be7 10. O-O O-O 11. Nc3 Bd7 12. Bc2 a6 13. a3 Qc7 14. Qe4 g6 15. Bh6
Rfd8 16. Rfe1 Bf8 17. Qf4 dxe5 18. dxe5 Bg7 19. Bxg7 Kxg7 20. Ng5 Be8 21. Qh4
h6 22. Nf3 Nd5 23. Nxd5 Rxd5 24. Qf6+ Kg8 25. Rac1 Qe7 26. Qxe7 Nxe7 27. Bb3
Rb5 28. Re3 Rd8 29. h3 Nf5 30. Rec3 Nd4 31. Nxd4 Rxd4 32. Re1 Rd2 33. Ba4 Rbxb2
34. Bxe8 Rxf2 35. Rg3 Kf8 36. Ba4 Ke7 37. Bd1 Rfd2 38. Bf3 Rd3 39. Rc1 Rxa3 40.
Rc7+ Kf8 41. Kh2 Rab3 42. Rg4 Rxf3 43. Kh1 Rf1+ 44. Kh2 Rff2 45. Kg1 Rfc2 46.
Rd7 b5 47. Rf4 Rxg2+ 48. Kf1 f5 49. exf6 Rh2 50. Kg1 Rhd2 51. Rh7 Rb1+ 52. Rf1
Rxf1+ 53. Kxf1 b4 54. Rb7 a5 55. Ke1 Rh2 56. Rb5 Rxh3 57. Rxa5 Kf7 58. Rb5 b3
59. Kd2 Kxf6 0-1